00626 a2200157 4500001000700000040003200007090001100039245003000050300003200080520016700112650004400279650002400323942000700347952009500354999001900449125827 cEscola Canadense de Niteroi aFON-R210aA Roupa nova do imperador a16 p.bil.c1 x 21 x 0.1 cm aEsta história faz parte do Projeto Primavera 4 a 5 anos, com textos adaptados para os que começam a ler. No final do livro, narra-se o argumento da história 4aLivros de Inicialização à Leitura 4aLiteratura Infantil cBK 00104070a80.1b80.1d2024-02-09l0oFON-R2pA110OZr2024-02-09 21:22:33w2024-02-09yBK c125827d125827